000 00682nam a2200253Ia 4500
003 OSt
005 20220918164523.0
006 a|||||r|||| 00| 0
007 ta
008 220917b |||||||| |||| 00| 0 eng d
020 _a0671663623 (pbk)
024 _a21,150
037 _cTextual
040 _aARTS
_cARTS
_beng
041 _2eng
_aeng
082 _aO111,3N27,12, M8
100 _aJhabvala Ruth Prawer
_913091
245 0 _aThree continents
260 _aNew York
_bSimon and Schuster USA
_c1988
300 _a384p.
_ccm.
650 _aENGLISH LITERATURE
942 _hO111,3N27,12, M8
_cTEXL
_2CC
999 _c125173
_d125173